Kingdoms and Countries of Austria-Hungary with map - Statistics

General Stats
  • This quiz has been taken 379 times
  • The average score is 12 of 18
Answers on the Map
Answers color-coded by a green-red scale on the quiz's map according to % correct below.
 
Answer Stats
Answer % Correct
Hungary
96%
Bosnia and Herzegovina
94%
Croatia-Slavonia
94%
Bohemia
88%
Tyrol
81%
Dalmatia
76%
Moravia
76%
Lower Austria
68%
Salzburg
67%
Upper Austria
67%
Galicia and Lodomeria
66%
Silesia
64%
Styria
60%
Carinthia
57%
Bukovina
47%
Vorarlberg
47%
Carniola
44%
Austrian Littoral
22%
No matching quizzes found
Score Distribution
Percent of People with Each Score
Percentile by Number Answered
Your Score History
You have not taken this quiz